Typing Challenge Level 3 (Terraria Eater Of Worlds Life) - Statistics

General Stats
  • This quiz has been taken 109 times
  • The average score is 14 of 15
Answer Stats
What To Type Answer % Correct
One time there was an Eater Of Worlds One time there was an Eater Of Worlds
100%
he lived coiled up like a snake underneath he lived coiled up like a snake underneath
95%
the corruption waiting for a user to summon the corruption waiting for a user to summon
95%
devoured the noob and the noob never came devoured the noob and the noob never came
93%
a copper sword the giant Eater Of Worlds a copper sword the giant Eater Of Worlds
92%
back ever again but then the next day a warrior back ever again but then the next day a warrior
92%
him he waited days and nights waiting and him he waited days and nights waiting and
92%
noob user broke three shadow orbs and noob user broke three shadow orbs and
92%
no user tried to summon him but then a no user tried to summon him but then a
92%
summoned Eater Of Worlds the noob had summoned Eater Of Worlds the noob had
92%
monster hell then in another year the noob summoned monster hell then in another year the noob summoned
89%
summoned Eater Of Worlds the warrior destroyed summoned Eater Of Worlds the warrior destroyed
89%
Eater Of Worlds and the Eater Of Worlds went to Eater Of Worlds and the Eater Of Worlds went to
88%
Eater Of Worlds again but now the noob was a pro user Eater Of Worlds again but now the noob was a pro user
87%
for the Eater Of Worlds it was going to be a long life The End for the Eater Of Worlds it was going to be a long life The End
86%
No matching quizzes found
Score Distribution
Percent of People with Each Score
Percentile by Number Answered
Your Score History
You have not taken this quiz